| 000 | 00431nam a22001457a 4500 | ||
|---|---|---|---|
| 005 | 20260311151106.0 | ||
| 008 | 260311b |||||||| |||| 00| 0 eng d | ||
| 020 | _a978-9966-1779-2-6 | ||
| 100 | _aOKEMWA, CHRISTOPHER | ||
| 245 | _aKERANGETI NA KERANTINA | ||
| 260 |
_aKISII _bKISRECH THEATRE INTERNATIONAL _c2014 |
||
| 300 | _a34P. | ||
| 650 | _a1. FOLKORE - KENYA 2. GUSII (AFRICAN PEOPLE - JUVENILE FICTION | ||
| 942 |
_2lcc _cBK |
||
| 999 |
_c216830 _d216830 |
||